| 000 | 01077nam1a22002771i 4500 | ||
|---|---|---|---|
| 001 | v19\rc\1552331 | ||
| 005 | 20240726071503.0 | ||
| 035 | _a(NLR Aleph) 004666913 | ||
| 090 |
_a3625764 _c3625764 |
||
| 100 | _a20060620g18901892|||y0rusy50 ca | ||
| 101 | 0 | _arus | |
| 102 | _aRU | ||
| 105 | _ay z ||||| | ||
| 200 | 1 | _aГодовой отчет Аккерманской городской лечебницы... | |
| 210 |
_aАккерман _d1890-1892 |
||
| 215 | _d18-22 | ||
| 300 | _aЗагл. отчета за 1889 г.: Отчет Аккерманской городской лечебницы для приходящих больных | ||
| 517 | 0 | _aОтчет Аккерманской городской лечебницы для приходящих больных | |
| 710 | 0 | 2 | _aАккерманская гор. лечебница |
| 801 | 0 |
_aRU _bNLR _gpsbo |
|
| 801 | 0 |
_aRU _bRuMoRGB _2psbo |
|
| 801 | 1 |
_aRU _bProSoft-M _2rusmarc |
|
| 852 |
_aNLR (1889) _jШифры разные |
||
| 899 |
_aRuMoRGB (1889, 1891) _jA 174/92 |
||
| 899 | _aБАН (1891) | ||
| 942 | _cBOOK | ||